[Event "OLOB 1920 SK 1980 Gernsheim - Bad Emsta"]
[Site "?"]
[Date "2020.01.18"]
[Round "6.4"]
[White "Mueller, Maximilian"]
[Black "Shkuran, Danylo"]
[Result "1/2-1/2"]
[WhiteElo "2301"]
[BlackElo "2331"]
[PlyCount "70"]
[EventDate "2020.??.??"]

1. d4 Nf6 2. Nf3 g6 3. g3 Bg7 4. Bg2 O-O 5. O-O d6 6. a4 a5 7. Nbd2 Nc6 8. Nc4
Be6 9. b3 Qc8 10. Ne3 Bh3 11. Bb2 Bxg2 12. Kxg2 Ng4 13. Nxg4 Qxg4 14. h3 Qe4
15. Qd3 d5 16. Qxe4 dxe4 17. Ng5 Bxd4 18. Bxd4 Nxd4 19. e3 Nc6 20. Nxe4 Rfd8
21. Rfd1 Nb4 22. Nc5 Nxc2 23. Rxd8+ Rxd8 24. Rc1 Rd2 25. Kg1 Nb4 26. Nxb7 Nd3
27. Rxc7 Nxf2 28. Nxa5 Nxh3+ 29. Kf1 Rf2+ 30. Ke1 Rb2 31. Rb7 Nf2 32. Nc6 Nd3+
33. Kf1 Rb1+ 34. Kg2 Rb2+ 35. Kf1 Rb1+ 1/2-1/2

[Event "OLOB 1920 SK 1980 Gernsheim - Bad Emsta"]
[Site "?"]
[Date "2020.01.18"]
[Round "6.5"]
[White "Skliarov, Viktor"]
[Black "Di Capua, Francesco Stefano"]
[Result "1-0"]
[WhiteElo "2377"]
[BlackElo "1961"]
[PlyCount "53"]
[EventDate "2020.??.??"]

1. e4 e5 2. Nc3 Nc6 3. Bc4 Nf6 4. d3 Bc5 5. a3 a6 6. h3 h6 7. Nge2 d6 8. Ng3
Be6 9. Nd5 Bxd5 10. exd5 Ne7 11. Qf3 Qd7 12. O-O Nh7 13. Be3 Bxe3 14. fxe3 Ng5
15. Qf2 O-O 16. d4 exd4 17. exd4 Rae8 18. Nh5 Qxh3 19. gxh3 Nxh3+ 20. Kh2 Nxf2
21. Rxf2 Ng6 22. Bd3 Re7 23. Rg1 Rfe8 24. Bxg6 fxg6 25. Rxg6 Kh7 26. Rfg2 Kh8
27. Nxg7 1-0

[Event "OLOB 1920 SK 1980 Gernsheim - Bad Emsta"]
[Site "?"]
[Date "2020.01.18"]
[Round "6.6"]
[White "Schupp, Uwe"]
[Black "Larkin, Vladyslav"]
[Result "0-1"]
[WhiteElo "2101"]
[BlackElo "2394"]
[PlyCount "60"]
[EventDate "2020.??.??"]

1. Nf3 Nf6 2. g3 d5 3. Bg2 c6 4. c4 dxc4 5. O-O g6 6. Na3 Bg7 7. Nxc4 O-O 8. d3
Nbd7 9. Rb1 Nb6 10. Na5 Qd5 11. Bd2 Qxa2 12. Qc2 Qa4 13. b3 Qb5 14. Rfc1 Nfd5
15. b4 Na4 16. Nb3 Qb6 17. Nbd4 e5 18. Qxa4 exd4 19. b5 cxb5 20. Rxb5 Qd6 21.
Bb4 Nxb4 22. Qxb4 Qxb4 23. Rxb4 a5 24. Ra1 axb4 25. Rxa8 Be6 26. Ra4 b3 27. Rb4
Rc8 28. Ng5 Rc1+ 29. Bf1 Bd5 30. f3 Bf8 0-1

[Event "OLOB 1920 SK 1980 Gernsheim - Bad Emsta"]
[Site "?"]
[Date "2020.01.18"]
[Round "6.7"]
[White "Kersten, Uwe"]
[Black "Peterson, Emery"]
[Result "1/2-1/2"]
[WhiteElo "2261"]
[BlackElo "2158"]
[PlyCount "139"]
[EventDate "2020.??.??"]

1. d4 e6 2. Nf3 d5 3. Bf4 Bd6 4. Bg3 f5 5. e3 Nf6 6. Nbd2 O-O 7. Be2 Ne4 8. c4
c6 9. Bxd6 Qxd6 10. O-O Nd7 11. Qc2 b6 12. Rac1 Bb7 13. Rfd1 h6 14. b3 Rac8 15.
Qb2 a6 16. b4 Nxd2 17. Rxd2 b5 18. c5 Qc7 19. a4 Ra8 20. Ra1 Rfb8 21. axb5 axb5
22. Rd3 Rxa1+ 23. Qxa1 Ra8 24. Ra3 Qb8 25. h3 Rxa3 26. Qxa3 Qa8 27. Qb2 Kf7 28.
Ne1 Qb8 29. Nd3 g6 30. g3 Kf6 31. Kg2 Kf7 32. Bd1 Kf6 33. Bc2 Kf7 34. Bb1 Qa8
35. f3 Qa4 36. Nf2 Qa8 37. e4 Qh8 38. Qa1 Qa8 39. Qc3 Qh8 40. Qe3 Qf6 41. exd5
exd5 42. Qf4 Nf8 43. Nd3 Ne6 44. Ne5+ Kg7 45. Qd2 f4 46. h4 fxg3 47. Kxg3 g5
48. Qd3 gxh4+ 49. Kf2 Nf8 50. Qf5 Qxf5 51. Bxf5 Kf6 52. Bh3 Ne6 53. Bxe6 Kxe6
54. Kg2 Kf5 55. Nd3 Bc8 56. Ne5 Kf4 57. Nxc6 h3+ 58. Kf2 h2 59. Kg2 h1=Q+ 60.
Kxh1 Kxf3 61. Na7 Ba6 62. c6 Ke3 63. c7 Kxd4 64. Nxb5+ Kc4 65. Nd6+ Kxb4 66.
c8=Q Bxc8 67. Nxc8 d4 68. Nd6 d3 69. Ne4 Kc4 70. Nd2+ 1/2-1/2

[Event "OLOB 1920 SK 1980 Gernsheim - Bad Emsta"]
[Site "?"]
[Date "2020.01.18"]
[Round "6.8"]
[White "Rosenberger, Frank"]
[Black "Schmidt, Alexander"]
[Result "1/2-1/2"]
[WhiteElo "2007"]
[BlackElo "2168"]
[PlyCount "76"]
[EventDate "2020.??.??"]

1. e4 c5 2. Nf3 d6 3. d4 cxd4 4. Nxd4 Nf6 5. Nc3 a6 6. Bc4 e6 7. Bb3 Be7 8. g4
h6 9. Rg1 Qc7 10. Qe2 Bd7 11. f4 Nc6 12. Be3 g6 13. f5 Nxd4 14. Bxd4 e5 15. Bf2
g5 16. O-O-O Rc8 17. h4 b5 18. hxg5 hxg5 19. Rh1 Rf8 20. Rh6 b4 21. Nd5 Nxd5
22. Bxd5 Bb5 23. Qd2 f6 24. Kb1 Bc4 25. Rc1 Qa5 26. Bxc4 Rxc4 27. Qd3 Qb5 28.
b3 Rc3 29. Qxb5+ axb5 30. Re1 Kd7 31. Rh7 Ra8 32. Re2 Rc6 33. Be1 Rca6 34. Bxb4
Rxa2 35. Rd2 Ra1+ 36. Kb2 R1a2+ 37. Kb1 Ra1+ 38. Kb2 R1a2+ 1/2-1/2

[Event "OLOB 1920 FB Mörlenbach-Birkenau - SK "]
[Site "?"]
[Date "2020.01.18"]
[Round "6.1"]
[White "Dorst, Johannes"]
[Black "Kunin, Vitaly"]
[Result "0-1"]
[WhiteElo "2222"]
[BlackElo "2533"]
[PlyCount "72"]
[EventDate "2020.??.??"]

1. Nf3 Nf6 2. c4 e6 3. g3 a6 4. Bg2 b5 5. b3 Bb7 6. Nc3 b4 7. Na4 Be7 8. d4 O-O
9. O-O a5 10. Bb2 Be4 11. Rc1 d6 12. Qd2 Nbd7 13. Rfd1 Nb6 14. Nxb6 cxb6 15.
Qe3 Ra7 16. d5 Bxf3 17. exf3 e5 18. f4 exf4 19. Qxf4 Nd7 20. Rc2 Nc5 21. Re2
Bf6 22. Bxf6 Qxf6 23. Qxf6 gxf6 24. Be4 a4 25. Bc2 axb3 26. axb3 Rfa8 27. Rd4
Ra2 28. Kf1 h6 29. Rf4 Kg7 30. Rf3 Rb2 31. Rf4 Ra1+ 32. Kg2 h5 33. g4 Raa2 34.
gxh5 Rxc2 35. Re8 Nd3 36. Rg4+ Kh7 0-1

[Event "OLOB 1920 FB Mörlenbach-Birkenau - SK "]
[Site "?"]
[Date "2020.01.18"]
[Round "6.2"]
[White "Galdunts, Sergey"]
[Black "Rolle, Eric"]
[Result "1/2-1/2"]
[WhiteElo "2416"]
[BlackElo "2203"]
[PlyCount "55"]
[EventDate "2020.??.??"]

1. e4 e5 2. Nf3 Nc6 3. Bb5 a6 4. Ba4 Nf6 5. O-O b5 6. Bb3 Be7 7. a4 Bb7 8. d3
d6 9. Nc3 b4 10. Ne2 O-O 11. a5 d5 12. exd5 Nxd5 13. Re1 Re8 14. Ng3 Bf8 15.
Bd2 h6 16. Qb1 Nd4 17. Nxd4 exd4 18. Qa2 Qd7 19. Bc4 c5 20. Qb1 Kh7 21. Rxe8
Rxe8 22. Qd1 f5 23. Qf1 Bd6 24. Re1 Rxe1 25. Qxe1 Bc7 26. Qe2 Bxa5 27. Qh5 Nf6
28. Qxf5+ 1/2-1/2

[Event "OLOB 1920 FB Mörlenbach-Birkenau - SK "]
[Site "?"]
[Date "2020.01.18"]
[Round "6.3"]
[White "Alber, Horst"]
[Black "Legde, Georg"]
[Result "0-1"]
[WhiteElo "2269"]
[BlackElo "2311"]
[PlyCount "62"]
[EventDate "2020.??.??"]

1. d4 d5 2. c4 dxc4 3. Nf3 c6 4. a4 Nf6 5. Nc3 Bf5 6. e3 e6 7. Bxc4 Bb4 8. O-O
O-O 9. Qe2 Ne4 10. Ne5 Nxc3 11. bxc3 Bxc3 12. Ra3 Bb4 13. Rb3 a5 14. e4 Bg6 15.
Bb2 Nd7 16. f4 Nxe5 17. dxe5 b5 18. axb5 cxb5 19. Bxb5 Qb6+ 20. Kh1 Bxe4 21.
Qxe4 Qxb5 22. Rb1 Rac8 23. Rh3 g6 24. f5 Qc4 25. Qe3 Qc2 26. Rf1 Bd2 27. Qa7
Qxb2 28. fxe6 Rc1 29. exf7+ Kg7 30. Rhf3 Rxf1+ 31. Rxf1 Qxe5 0-1

[Event "OLOB 1920 FB Mörlenbach-Birkenau - SK "]
[Site "?"]
[Date "2020.01.18"]
[Round "6.4"]
[White "Dittmar, Peter"]
[Black "Henrich, Thomas"]
[Result "0-1"]
[WhiteElo "2226"]
[BlackElo "2161"]
[PlyCount "92"]
[EventDate "2020.??.??"]

1. d4 e6 2. c4 Nf6 3. Nc3 Bb4 4. e3 c5 5. Bd3 O-O 6. Nge2 d5 7. O-O dxc4 8.
Bxc4 cxd4 9. exd4 Nc6 10. Bg5 h6 11. Bh4 Be7 12. Re1 a6 13. a3 b5 14. Ba2 Bb7
15. Qd3 Ne5 16. Qc2 Ng6 17. Bg3 Nd5 18. Ne4 Qb6 19. Nc5 Qc6 20. f3 Ne3 21. Qd3
Nf5 22. Bf2 Rad8 23. Nxb7 Qxb7 24. Rad1 Bf6 25. Qe4 Qb8 26. Ng3 Nd6 27. Qg4 Nc4
28. Nh5 Rd5 29. h4 Qd8 30. Bb1 Bxh4 31. Bxg6 Bxf2+ 32. Kxf2 Rg5 33. Bxf7+ Rxf7
34. Qh3 Nxb2 35. Rd2 Nc4 36. Rdd1 Rd5 37. Rxe6 Rxd4 38. Rde1 Rd2+ 39. Kg1 Rd1
40. Qg3 Qd4+ 41. Kh2 Rxe1 42. Qxe1 Rf5 43. Ng3 Re5 44. Rxe5 Qxe5 45. Qd1 Qd6
46. a4 Qxd1 0-1

[Event "OLOB 1920 FB Mörlenbach-Birkenau - SK "]
[Site "?"]
[Date "2020.01.18"]
[Round "6.5"]
[White "Duncker, Joachim"]
[Black "Felgendreher, Heiko"]
[Result "0-1"]
[WhiteElo "2208"]
[BlackElo "2170"]
[PlyCount "82"]
[EventDate "2020.??.??"]

1. e4 c5 2. Nc3 Nc6 3. f4 g6 4. Nf3 Bg7 5. Bb5 Nd4 6. Nxd4 cxd4 7. Ne2 e6 8.
O-O a6 9. Bd3 d5 10. exd5 Qxd5 11. b3 b5 12. Ng3 f5 13. Qf3 Qxf3 14. Rxf3 Bb7
15. Rf1 Ne7 16. Bb2 Nc6 17. a4 b4 18. Bc4 Kd7 19. Ne2 Rhe8 20. Rae1 Rad8 21. d3
Re7 22. Rf2 Bf6 23. Kf1 h6 24. Ng1 g5 25. Rfe2 Rde8 26. Bc1 gxf4 27. Bxf4 e5
28. Bd2 Kd6 29. a5 Kc5 30. Rf2 Bc8 31. g3 Nxa5 32. Ra1 Nxc4 33. bxc4 e4 34.
Ra5+ Kb6 35. Bxb4 e3 36. Rfxf5 e2+ 37. Ke1 Bxf5 38. Rxf5 Re6 39. Nf3 Kc6 40.
Rc5+ Kb7 41. Rd5 Rb6 0-1

[Event "OLOB 1920 FB Mörlenbach-Birkenau - SK "]
[Site "?"]
[Date "2020.01.18"]
[Round "6.7"]
[White "Nekhamkis, Genadi"]
[Black "Schaefer, Michael"]
[Result "1/2-1/2"]
[WhiteElo "2107"]
[BlackElo "2157"]
[PlyCount "125"]
[EventDate "2020.??.??"]

1. e4 c5 2. d4 cxd4 3. c3 d3 4. Bxd3 Nc6 5. f4 d6 6. Nf3 Nf6 7. h3 e6 8. Be3
Be7 9. Nbd2 Qc7 10. O-O O-O 11. Rc1 b6 12. Nd4 Bb7 13. N2f3 Rac8 14. Qe1 Na5
15. Bf2 g6 16. Bg3 a6 17. e5 Nh5 18. Bh2 dxe5 19. fxe5 b5 20. Be4 Nc4 21. b3
Nb6 22. Bxb7 Qxb7 23. Qd2 Nd5 24. g4 Ng7 25. Bg3 f5 26. exf6 Nxf6 27. Be5 Qd5
28. Qh6 Nge8 29. Rfe1 Ne4 30. Qe3 Nc5 31. b4 Nd7 32. Bg3 Ng7 33. Ne5 Nxe5 34.
Bxe5 Bf6 35. Bxf6 Rxf6 36. g5 Rf7 37. Rc2 Re8 38. Rce2 Nf5 39. Nxf5 Rxf5 40. h4
Rf3 41. Qe5 Qxe5 42. Rxe5 Kf7 43. R1e3 Rxe3 44. Rxe3 Rc8 45. Kf2 Rc4 46. Kg3
Ke7 47. Rf3 e5 48. Kh3 e4 49. Re3 Ke6 50. Kg4 Ke5 51. a3 Rc7 52. Rh3 Rf7 53.
Rh1 Rf4+ 54. Kg3 Rf3+ 55. Kg4 Rxc3 56. h5 Rf3 57. hxg6 hxg6 58. Rh8 Rxa3 59.
Re8+ Kd5 60. Rd8+ Ke6 61. Re8+ Kd5 62. Rd8+ Ke6 63. Re8+ 1/2-1/2

[Event "OLOB 1920 FB Mörlenbach-Birkenau - SK "]
[Site "?"]
[Date "2020.01.18"]
[Round "6.8"]
[White "Klings, Peter"]
[Black "Yaghy, Ritta"]
[Result "1-0"]
[WhiteElo "2091"]
[BlackElo "1981"]
[PlyCount "95"]
[EventDate "2020.??.??"]

1. Nf3 d5 2. g3 c5 3. Bg2 Nf6 4. O-O Nc6 5. d4 e6 6. c4 dxc4 7. dxc5 Qa5 8. Qc2
Bd7 9. Qxc4 Bxc5 10. Nbd2 Bb6 11. Qb3 Qa6 12. Qc4 Qa5 13. Qh4 Qb4 14. Qxb4 Nxb4
15. Nc4 Bc7 16. Nfe5 Bb5 17. Bxb7 Rd8 18. a4 Nc2 19. Ra2 Nb4 20. Ra3 Bxc4 21.
Nxc4 Ke7 22. Be3 a5 23. Bc5+ Ke8 24. Rb3 Rb8 25. Bf3 Nd7 26. Bd4 f6 27. Ba7 Rd8
28. Rc1 Kf7 29. Bb7 Rhe8 30. Kg2 Re7 31. Bf3 Ree8 32. Ne3 Bd6 33. Nc4 Bc7 34.
Ne3 Bd6 35. h4 Re7 36. Nc4 Bc7 37. Na3 Bd6 38. Nb5 Be5 39. Nd4 Nf8 40. Rxb4
Rxa7 41. Nc6 axb4 42. Nxd8+ Ke8 43. Nc6 Rc7 44. a5 Nd7 45. a6 Bxb2 46. Rd1 Rc8
47. Nxb4 Ba3 48. Bc6 1-0

[Event "OLOB 1920 SV Medizin Erfurt - SV Empor "]
[Site "?"]
[Date "2020.01.19"]
[Round "7.1"]
[White "Teske, Henrik"]
[Black "Jakob, Matthias"]
[Result "1-0"]
[WhiteElo "2474"]
[BlackElo "2105"]
[PlyCount "69"]
[EventDate "2020.??.??"]

1. c4 b6 2. Nc3 Bb7 3. e4 e6 4. g3 Bb4 5. Nge2 f5 6. Bg2 Nf6 7. d3 fxe4 8. O-O
O-O 9. Bg5 Be7 10. dxe4 e5 11. Qc2 Nc6 12. Rad1 d6 13. c5 Kh8 14. cxd6 cxd6 15.
Rd2 Qd7 16. h3 Rac8 17. Qd1 Nd8 18. Bxf6 Rxf6 19. Nd5 Bxd5 20. Rxd5 Nf7 21. Nc3
Rf8 22. Rd3 Rg6 23. Nd5 Bf6 24. Ne3 Rc8 25. Qb3 Nd8 26. Nf5 Nb7 27. Rfd1 Bd8
28. Qa3 Rc5 29. Qxa7 Ra5 30. Qb8 Qc7 31. Qxc7 Bxc7 32. b4 Ra7 33. Rc1 Nd8 34.
Ne7 Re6 35. Nd5 1-0

[Event "OLOB 1920 SV Medizin Erfurt - SV Empor "]
[Site "?"]
[Date "2020.01.19"]
[Round "7.2"]
[White "Nguyen, Huy Dat"]
[Black "Langheinrich, Ferenc"]
[Result "1/2-1/2"]
[WhiteElo "2177"]
[BlackElo "2376"]
[PlyCount "22"]
[EventDate "2020.??.??"]

1. e4 c6 2. Ne2 d5 3. e5 c5 4. Ng3 g6 5. Bb5+ Nc6 6. O-O h5 7. Re1 h4 8. Nf1
Bd7 9. Bxc6 Bxc6 10. d4 e6 11. Nbd2 Nh6 1/2-1/2

[Event "OLOB 1920 SV Medizin Erfurt - SV Empor "]
[Site "?"]
[Date "2020.01.19"]
[Round "7.4"]
[White "Grund, Sebastian"]
[Black "Reucker, Friedrich"]
[Result "0-1"]
[WhiteElo "1988"]
[BlackElo "1971"]
[PlyCount "60"]
[EventDate "2020.??.??"]

1. d4 Nf6 2. Nf3 e6 3. c4 d5 4. g3 Bb4+ 5. Bd2 Bd6 6. Bg2 c6 7. O-O O-O 8. Bg5
Nbd7 9. Nc3 h6 10. Bc1 dxc4 11. Nd2 Nb6 12. Nce4 Be7 13. e3 Nxe4 14. Bxe4 Qc7
15. Qe2 e5 16. Nxc4 exd4 17. exd4 Nxc4 18. Qxc4 Bh3 19. Re1 Rad8 20. d5 Qa5 21.
Qe2 Bb4 22. Rd1 Rfe8 23. Qc2 cxd5 24. Bg2 Bg4 25. f3 Bc5+ 26. Kf1 Bd7 27. a4
Bb6 28. Bf4 Rc8 29. Qb3 Qc5 30. Rd2 Qg1# 0-1

[Event "OLOB 1920 SV Medizin Erfurt - SV Empor "]
[Site "?"]
[Date "2020.01.19"]
[Round "7.5"]
[White "Heinke, Jasper"]
[Black "Mueller-Ludwig, Kristin"]
[Result "0-1"]
[WhiteElo "2060"]
[BlackElo "2103"]
[PlyCount "70"]
[EventDate "2020.??.??"]

1. e4 e6 2. d4 d5 3. Nc3 Bb4 4. e5 Ne7 5. a3 Bxc3+ 6. bxc3 c5 7. Qg4 Qc7 8.
Qxg7 Rg8 9. Qxh7 cxd4 10. Qd3 dxc3 11. Ne2 Nd7 12. f4 a6 13. Qxc3 Qxc3+ 14.
Nxc3 f6 15. Bb2 fxe5 16. fxe5 Nc6 17. O-O-O Nc5 18. Re1 Bd7 19. h4 O-O-O 20. h5
Rg5 21. h6 Rh8 22. Nxd5 Rg6 23. h7 exd5 24. e6 d4 25. exd7+ Kxd7 26. Bc4 Rxg2
27. Bd5 Rg4 28. Rh6 Ne7 29. Bg2 Rxg2 30. Bxd4 Nf5 31. Bxh8 Nxh6 32. Bf6 Rg8 33.
Re7+ Kd6 34. hxg8=Q Nxg8 35. Bg5 Nxe7 0-1

[Event "OLOB 1920 SV Medizin Erfurt - SV Empor "]
[Site "?"]
[Date "2020.01.19"]
[Round "7.7"]
[White "Nicolai, Tim"]
[Black "Reichel, Norbert"]
[Result "1/2-1/2"]
[WhiteElo "1913"]
[BlackElo "2081"]
[PlyCount "20"]
[EventDate "2020.??.??"]

1. e4 c5 2. Nc3 g6 3. f4 Bg7 4. Nf3 e6 5. Be2 Nc6 6. O-O d6 7. d3 Nge7 8. Qe1
Nd4 9. Bd1 O-O 10. Ne2 Nxf3+ 1/2-1/2

[Event "OLOB 1920 SV Medizin Erfurt - SV Empor "]
[Site "?"]
[Date "2020.01.19"]
[Round "7.8"]
[White "Nguyen, Ha Thanh"]
[Black "Reuter, Elisa"]
[Result "1-0"]
[WhiteElo "1980"]
[BlackElo "1864"]
[PlyCount "120"]
[EventDate "2020.??.??"]

1. e4 c5 2. Nf3 Nc6 3. d4 cxd4 4. Nxd4 g6 5. Nc3 Bg7 6. Be3 Nf6 7. Bc4 Qa5 8.
O-O O-O 9. Bb3 d6 10. h3 Bd7 11. Re1 Rac8 12. Nf3 Ne5 13. Nxe5 dxe5 14. Nd5
Nxd5 15. Qxd5 Qxd5 16. exd5 b6 17. c3 Bb5 18. a4 Bc4 19. Bxc4 Rxc4 20. a5 Rb8
21. axb6 axb6 22. Ra7 Bf6 23. Rd1 Kg7 24. d6 exd6 25. Rxd6 b5 26. Rdd7 Rf8 27.
Rab7 e4 28. Rxb5 Ra4 29. g3 Rd8 30. Rxd8 Bxd8 31. Rb8 Bf6 32. Bc5 Ra1+ 33. Kg2
h5 34. Rc8 Rc1 35. Be3 Rb1 36. b4 Rb3 37. Rc5 Kf8 38. Bd2 Rb2 39. Bh6+ Kg8 40.
b5 Rc2 41. b6 Rb2 42. Be3 Kf8 43. Rc4 Ke8 44. Rxe4+ Kd7 45. c4 Bd8 46. c5 Kc6
47. Kf3 Rb3 48. Ke2 Rb2+ 49. Kd3 Rb3+ 50. Kc2 Rb5 51. Rc4 f5 52. Kd3 Bf6 53.
Rc2 Be7 54. Bd4 Rb3+ 55. Kc4 Rb1 56. Rc3 Bf8 57. Rb3 Rxb3 58. Kxb3 Be7 59. Kb4
Bd8 60. Ka5 Kd5 1-0

[Event "OLOB 1920 SV 1861 Liebschwitz - SG BW S"]
[Site "?"]
[Date "2020.01.19"]
[Round "7.1"]
[White "Kuznecovs, Nikita"]
[Black "Gerhardt, Frank"]
[Result "1/2-1/2"]
[WhiteElo "2310"]
[BlackElo "2197"]
[PlyCount "87"]
[EventDate "2020.??.??"]

1. e4 c5 2. Nf3 Nc6 3. Bb5 g6 4. O-O Bg7 5. Re1 e5 6. a4 Nge7 7. Bf1 O-O 8. d3
d6 9. c3 h6 10. Na3 Be6 11. Nc4 b6 12. Bd2 d5 13. exd5 Qxd5 14. b4 cxb4 15.
cxb4 f6 16. Bc3 Nf5 17. Re4 Rad8 18. b5 Ncd4 19. Nxd4 Nxd4 20. Bxd4 exd4 21.
Qe2 Bf7 22. Re1 f5 23. Re7 Rfe8 24. g3 Rxe7 25. Qxe7 Rd7 26. Qa3 Bf8 27. Qc1
Qc5 28. Ne5 Qxc1 29. Rxc1 Re7 30. f4 g5 31. Bg2 gxf4 32. gxf4 Bb3 33. Rc8 Kg7
34. Bc6 Bxa4 35. Bd7 Bb3 36. Bxf5 Bd5 37. Be4 Be6 38. Rd8 Rc7 39. f5 Be7 40.
Ra8 Bxf5 41. Bxf5 Kf6 42. Nc6 Kxf5 43. Nxd4+ Ke5 44. Nc6+ 1/2-1/2

[Event "OLOB 1920 SV 1861 Liebschwitz - SG BW S"]
[Site "?"]
[Date "2020.01.19"]
[Round "7.3"]
[White "George, Tom"]
[Black "Franke, Luca"]
[Result "1-0"]
[WhiteElo "2172"]
[BlackElo "1894"]
[PlyCount "85"]
[EventDate "2020.??.??"]

1. e4 e5 2. Nf3 Nc6 3. Bb5 a6 4. Ba4 Nf6 5. d4 b5 6. Bb3 Nxe4 7. dxe5 Nc5 8.
Bd5 Be7 9. Be3 Ne6 10. O-O O-O 11. a4 Rb8 12. axb5 axb5 13. Nc3 Bb4 14. Ne4 Bb7
15. Qd3 Ncd4 16. Nfg5 Nxg5 17. Bxg5 Be7 18. Bxe7 Qxe7 19. Qxd4 Bxd5 20. Qxd5
Rfe8 21. f4 d6 22. Rae1 dxe5 23. fxe5 h6 24. Ng3 Red8 25. Qf3 Rd2 26. Re2 Rbd8
27. Rxd2 Rxd2 28. Qa8+ Kh7 29. Qe4+ Kg8 30. Kh1 g6 31. Re1 Kg7 32. Nf1 Rd8 33.
Ne3 Qe6 34. Rf1 h5 35. Qh4 Rd2 36. Qf6+ Qxf6 37. exf6+ Kh6 38. Kg1 Re2 39. Rf3
c6 40. Kf1 Rd2 41. Ke1 Rd6 42. Ke2 Kg5 43. g3 1-0

[Event "OLOB 1920 SV 1861 Liebschwitz - SG BW S"]
[Site "?"]
[Date "2020.01.19"]
[Round "7.4"]
[White "Kitzig, Tobias"]
[Black "Schneider, Christian"]
[Result "0-1"]
[WhiteElo "1482"]
[BlackElo "2210"]
[PlyCount "64"]
[EventDate "2020.??.??"]

1. d4 Nf6 2. Bf4 e6 3. e3 b6 4. Bd3 Bb7 5. Nf3 Be7 6. h3 O-O 7. Nbd2 c5 8. c3
Nc6 9. Qe2 Rc8 10. g4 d6 11. Rg1 Re8 12. Rd1 cxd4 13. cxd4 Nb4 14. Bb5 Bc6 15.
Bxc6 Rxc6 16. Qb5 Nfd5 17. a3 a6 18. Qa4 Nd3+ 19. Kf1 b5 20. Qb3 Nc1 21. Rxc1
Rxc1+ 22. Kg2 Nxf4+ 23. exf4 Rxg1+ 24. Kxg1 Qa8 25. Nf1 Rc8 26. Ng3 Qc6 27. f5
Qc4 28. Qe3 Qc1+ 29. Qxc1 Rxc1+ 30. Kg2 Rc2 31. fxe6 fxe6 32. d5 exd5 0-1

[Event "OLOB 1920 SV 1861 Liebschwitz - SG BW S"]
[Site "?"]
[Date "2020.01.19"]
[Round "7.5"]
[White "Siebarth, Marco"]
[Black "Ahmed, Daniel"]
[Result "1-0"]
[WhiteElo "2011"]
[BlackElo "1943"]
[PlyCount "41"]
[EventDate "2020.??.??"]

1. e4 d5 2. exd5 Qxd5 3. Nc3 Qd8 4. d4 c6 5. Nf3 Nf6 6. Bc4 Bf5 7. Ne5 e6 8. g4
Be4 9. Nxe4 Nxe4 10. Qd3 Nd6 11. Bb3 Nd7 12. Bd2 Nb5 13. Nxd7 Qxd7 14. Be3
O-O-O 15. O-O-O Nc7 16. c4 Na6 17. Qe2 Qc7 18. Kb1 Bd6 19. h3 Rhe8 20. Qf3 Kb8
21. c5 1-0

[Event "OLOB 1920 SV 1861 Liebschwitz - SG BW S"]
[Site "?"]
[Date "2020.01.19"]
[Round "7.7"]
[White "Neubauer, Andreas"]
[Black "Kastner, Peter"]
[Result "1-0"]
[WhiteElo "2143"]
[BlackElo "2137"]
[PlyCount "71"]
[EventDate "2020.??.??"]

1. e4 c5 2. Nc3 Nc6 3. Nge2 e5 4. g3 Nf6 5. Bg2 d6 6. O-O Be7 7. h3 O-O 8. d3
Rb8 9. g4 b5 10. Ng3 b4 11. Nce2 Nd4 12. f4 Nxe2+ 13. Qxe2 Ne8 14. Nf5 Bxf5 15.
exf5 exf4 16. Bxf4 Bg5 17. Rae1 Bh4 18. Rd1 Qf6 19. d4 cxd4 20. b3 h6 21. Qc4
Qe7 22. Rxd4 Bf6 23. Rd5 Be5 24. Bxe5 dxe5 25. Re1 Qh4 26. Rdxe5 Nf6 27. R5e2
Rfc8 28. Qf4 h5 29. Bf3 Rb5 30. Kg2 Rxc2 31. Rxc2 Qxe1 32. g5 Nd5 33. Rc8+ Kh7
34. g6+ fxg6 35. fxg6+ Kxg6 36. Be4+ 1-0

[Event "OLOB 1920 SV 1861 Liebschwitz - SG BW S"]
[Site "?"]
[Date "2020.01.19"]
[Round "7.8"]
[White "Biel, Maik"]
[Black "Dittrich, Tom"]
[Result "1/2-1/2"]
[WhiteElo "2106"]
[BlackElo "1913"]
[PlyCount "35"]
[EventDate "2020.??.??"]

1. d4 Nf6 2. c4 g6 3. Nc3 Bg7 4. e4 d6 5. Nf3 O-O 6. Be2 Na6 7. O-O e5 8. d5
Nc5 9. Qc2 a5 10. Bg5 h6 11. Be3 Ne8 12. Bxc5 dxc5 13. Ne1 Nd6 14. b3 b6 15.
Rd1 f5 16. f3 h5 17. g3 Qg5 18. Ng2 1/2-1/2

[Event "OLOB 1920 SV Griesheim - SV Oberursel"]
[Site "?"]
[Date "2020.01.19"]
[Round "7.1"]
[White "Margolin, Boris"]
[Black "Jarmula, Lukasz"]
[Result "1/2-1/2"]
[WhiteElo "2396"]
[BlackElo "2463"]
[PlyCount "93"]
[EventDate "2020.??.??"]

1. e4 e5 2. Nf3 Nc6 3. Bb5 a6 4. Ba4 Nf6 5. O-O Be7 6. Re1 b5 7. Bb3 O-O 8. a4
b4 9. d3 Bc5 10. c3 d6 11. h3 Rb8 12. Nbd2 Ba7 13. Nf1 Ne7 14. Ng3 Ng6 15. d4
h6 16. Be3 c5 17. dxe5 dxe5 18. Qc2 bxc3 19. bxc3 Qb6 20. Rab1 Qc6 21. Nd2 Be6
22. Bc4 Bxc4 23. Nxc4 Qe6 24. Nd2 Ne7 25. Rxb8 Rxb8 26. Rb1 Rxb1+ 27. Qxb1 Qc6
28. Qa2 Nc8 29. Nc4 Qe6 30. Qe2 Ne7 31. f3 Nd7 32. Qd3 Bb8 33. Bf2 g6 34. Nf1
Bc7 35. Nfe3 Nf6 36. Bh4 g5 37. Bg3 Nh5 38. Bh2 Nf4 39. Bxf4 exf4 40. Nd5 Nxd5
41. Qxd5 Qf6 42. e5 Qf5 43. Kh2 h5 44. Qxc5 g4 45. hxg4 hxg4 46. fxg4 Qxg4 47.
Qd4 1/2-1/2

[Event "OLOB 1920 SV Griesheim - SV Oberursel"]
[Site "?"]
[Date "2020.01.19"]
[Round "7.2"]
[White "Tazbir, Marcin"]
[Black "Heinz, Axel"]
[Result "1/2-1/2"]
[WhiteElo "2526"]
[BlackElo "2441"]
[PlyCount "61"]
[EventDate "2020.??.??"]

1. e4 e5 2. Nf3 Nc6 3. Bb5 a6 4. Ba4 Nf6 5. O-O b5 6. Bb3 Bc5 7. d3 d6 8. c3 h6
9. Re1 O-O 10. Nbd2 Bb6 11. Nf1 Ne7 12. Ng3 Ng6 13. Be3 c5 14. d4 Bb7 15. d5
Ng4 16. c4 Nxe3 17. fxe3 Bc8 18. Rf1 Nh4 19. Qd3 Bd7 20. Nxh4 Qxh4 21. Nf5 Bxf5
22. exf5 Qf6 23. Kh1 Rab8 24. a4 e4 25. Qe2 Rfe8 26. Rf2 b4 27. Raf1 Re5 28.
Rf4 Rbe8 29. h4 Bd8 30. g3 Kf8 31. Kg1 1/2-1/2

[Event "OLOB 1920 SV Griesheim - SV Oberursel"]
[Site "?"]
[Date "2020.01.19"]
[Round "7.3"]
[White "Dubiel, Jacek"]
[Black "Braun, Vitali"]
[Result "1/2-1/2"]
[WhiteElo "2414"]
[BlackElo "2361"]
[PlyCount "53"]
[EventDate "2020.??.??"]

1. e4 e6 2. d4 d5 3. Nd2 c5 4. exd5 Qxd5 5. Ngf3 cxd4 6. Bc4 Qd6 7. O-O Nf6 8.
Nb3 Nc6 9. Nbxd4 Nxd4 10. Nxd4 a6 11. Re1 Qc7 12. Bf1 Be7 13. Qf3 O-O 14. Bf4
Bd6 15. Bxd6 Qxd6 16. Rad1 Qb6 17. b3 e5 18. Nf5 e4 19. Qf4 Bxf5 20. Qxf5 Rac8
21. c4 Rcd8 22. g3 Rfe8 23. Bg2 Rd4 24. h3 Qd8 25. Rxd4 Qxd4 26. Qf4 b5 27.
cxb5 1/2-1/2

[Event "OLOB 1920 SV Griesheim - SV Oberursel"]
[Site "?"]
[Date "2020.01.19"]
[Round "7.4"]
[White "De Visser, Leon"]
[Black "Akbarinia, Sayed Arash"]
[Result "0-1"]
[WhiteElo "2217"]
[BlackElo "2371"]
[PlyCount "56"]
[EventDate "2020.??.??"]

1. c4 e6 2. g3 d5 3. Bg2 Nf6 4. Nf3 Nbd7 5. O-O dxc4 6. Qa4 Rb8 7. Qxc4 b5 8.
Qc2 c5 9. d4 Bb7 10. Bf4 Rc8 11. Qb3 a6 12. a4 c4 13. Qd1 b4 14. Nbd2 Nd5 15.
Ne5 Nxe5 16. Bxe5 c3 17. bxc3 Nxc3 18. Qe1 Bxg2 19. Kxg2 f6 20. Bf4 Qxd4 21.
Nf3 Qe4 22. Rc1 g5 23. Bd2 g4 24. Bxc3 gxf3+ 25. exf3 Qxe1 26. Rfxe1 bxc3 27.
Rxe6+ Kf7 28. Rb6 c2 0-1

[Event "OLOB 1920 SV Griesheim - SV Oberursel"]
[Site "?"]
[Date "2020.01.19"]
[Round "7.5"]
[White "Stork, Oliver"]
[Black "Koehler, Ronald"]
[Result "1/2-1/2"]
[WhiteElo "2267"]
[BlackElo "2213"]
[PlyCount "50"]
[EventDate "2020.??.??"]

1. c4 Nf6 2. Nc3 c5 3. Nf3 Nc6 4. e3 e6 5. d4 d5 6. cxd5 exd5 7. Bb5 a6 8.
Bxc6+ bxc6 9. O-O Be7 10. dxc5 Bxc5 11. e4 O-O 12. Bg5 Be7 13. Qa4 Bd7 14. Rad1
h6 15. Bxf6 Bxf6 16. exd5 cxd5 17. Qc2 Be6 18. Nd4 Qb6 19. Na4 Qa5 20. b3 Rac8
21. Qd2 Qxd2 22. Rxd2 Bxd4 23. Rxd4 Rc2 24. f4 Bf5 25. Rf2 Rc1+ 1/2-1/2